Cestovný ruch

Väčšinu príjmov z cestovného ruchu všetkých krajín zabezpečuje cestovanie domácich obyvateľov. Cestovný ruch na Slovensku - záujem najmä o chatky. Návštevnosť Vysokých Tatier počas zimnej a letnej sezóny. Rozvoj cestovného ruchu na Slovensku a záchrana historických pamiatok. Agroturistika v oblasti...

Celý popis

Uložené v:
Podrobná bibliografia
Médium: Kapitola
Jazyk:Slovak
Predmet:
Tagy: Pridať tag
Žiadne tagy, Buďte prvý, kto otaguje tento záznam!

MARC

LEADER 00000naa a2200000 4500
001 r035488
005 20230824101217.1
041 0 |a slo 
044 |a SK 
245 1 0 |a Cestovný ruch 
520 |a Väčšinu príjmov z cestovného ruchu všetkých krajín zabezpečuje cestovanie domácich obyvateľov. Cestovný ruch na Slovensku - záujem najmä o chatky. Návštevnosť Vysokých Tatier počas zimnej a letnej sezóny. Rozvoj cestovného ruchu na Slovensku a záchrana historických pamiatok. Agroturistika v oblasti Gemera. 
610 2 0 |a ruch cestovný 
610 2 0 |a ruch cestovný domáci 
610 2 0 |a Slovensko 
610 2 0 |a Vysoké Tatry 
610 2 0 |a pamiatky 
610 2 0 |a agroturistika 
610 2 0 |a Gemer